=LDR 00000nam 2200000 4500 =001 INLIS000000000018937 =005 20130612114045 =008 ***********************************Ind** =035 ##$$0010-061300000018937 =041 ##$$a Ind =082 ##$$a 334 =090 ##$$a 334, Ano d =100 ##$$a Anoragan, Panji =245 ##$$a Anoragan koperasi, oleh Drs. Panji Anoragan, Dra. Ninik Widiyanti =260 ##$$a 1993 $b Jakarta =300 ##$$a ix, 336 hlm, 24 cm =650 ##$$a Koperasi =850 ##$$a NBPNMAT